Longman dictionary of contemporary english
Tallennettuna:
| Aineistotyyppi: | Kirja |
|---|---|
| Kieli: | Undetermined |
| Julkaistu: |
Harlow, England
Longman
1992
|
| Aiheet: | |
| Tagit: |
Lisää tagi
Ei tageja, Lisää ensimmäinen tagi!
|
| Thư viện lưu trữ: | Trung tâm Học liệu Trường Đại học Cần Thơ |
|---|
| LEADER | 00568nam a2200169Ia 4500 | ||
|---|---|---|---|
| 001 | CTU_141300 | ||
| 008 | 210402s9999 xx 000 0 und d | ||
| 082 | |a 423 | ||
| 082 | |b L848 | ||
| 245 | 0 | |a Longman dictionary of contemporary english | |
| 260 | |a Harlow, England | ||
| 260 | |b Longman | ||
| 260 | |c 1992 | ||
| 650 | |a English language,English language,Tiếng Anh,Tiếng Anh | ||
| 650 | |x Dictionaries,Terms and phrases,Từ điển,Thành ngữ và cụm từ | ||
| 904 | |i Trọng Hải | ||
| 980 | |a Trung tâm Học liệu Trường Đại học Cần Thơ | ||